Hauptstädte die mit A beginnen - Statistiken

Allgemein
  • Dieses Quiz wurde 68 mal gespielt
  • Das Durchschnittsergebnis liegt bei 9 aus 18
Antwortstatistiken
Antwort % Korrekt
Amsterdam
80%
Ankara
76%
Athen
70%
Addis Abeba
68%
Algier
64%
Amman
64%
Andorra la Vella
64%
Asuncion
64%
Antananarivo
54%
Astana
54%
Abuja
48%
Abu Dhabi
44%
Accra
44%
Asmara
38%
Aschgabat
34%
Apia
32%
Alofi
0%
Avarua
0%
Keine übereinstimmenden Quizze gefunden
Verteilung der Resultate
Anzahl Personen mit jedem Resultat
Perzentil nach korrekt beantworteten Fragen
Ihre Resultats-Entwicklung
Sie haben dieses Quiz noch nicht gespielt